| 000 | 00699nam a2200217Ia 4500 | ||
|---|---|---|---|
| 005 | 20220706092219.0 | ||
| 008 | 210716s2007 xx 000 0 und d | ||
| 020 | _a9788188849390 | ||
| 040 | _cAIMIT LIBRARY | ||
| 041 | _aeng | ||
| 082 |
_a511.8 _21 _bGANJ |
||
| 100 |
_aGanguly, Jayant. _947127 |
||
| 245 |
_aDiscrete mathematical structures: _bsimplified approach / _cBy Jayant Ganguly |
||
| 250 | _a1st ed. | ||
| 260 |
_aBangalore : _bSanguine Technical Publishers , _c2007. |
||
| 300 |
_axiv,513p. ; _c24 cm. |
||
| 650 |
_aProbability elementary concepts _947128 |
||
| 650 |
_aRecursive difinitions _947129 |
||
| 650 |
_aMathematical induction _947130 |
||
| 942 |
_2ddc _cBK _e1st _k511.8 GANJ |
||
| 999 |
_c188414 _d188414 |
||